Top 10 du Ballon d'Or (2020-) - Statistiques

Statistiques générales
  • Ce quiz a été pris 852 fois
    265 depuis la dernière actualisation
  • Le résultat moyen est 45 sur 50
Statistiques - réponses
Hint Réponse % Correct
2000 Lionel Messi
100%
2002 Lionel Messi
100%
Kylian Mbappé
99%
Kylian Mbappé
99%
Kylian Mbappé
99%
Kylian Mbappé
99%
Kylian Mbappé
99%
Robert Lewandowski
98%
Robert Lewandowski
98%
Cristiano Ronaldo
97%
Erling Haaland
95%
Erling Haaland
95%
Erling Haaland
95%
Karim Benzema
95%
2001 Karim Benzema
95%
Mohamed Salah
95%
Mohamed Salah
95%
Mohamed Salah
95%
Kevin De Bruyne
94%
Kevin De Bruyne
94%
Kevin De Bruyne
94%
Lamine Yamal
94%
Lamine Yamal
94%
Luka Modrić
94%
Luka Modrić
94%
25 Ousmane Dembélé
94%
Vinícius Júnior
94%
Vinícius Júnior
94%
Vinícius Júnior
94%
Sadio Mané
93%
Achraf Hakimi
92%
Vitinha
92%
Rodri
91%
Rodri
91%
Gianluigi Donnarumma
89%
Gianluigi Donnarumma
89%
Thibaut Courtois
85%
Jude Bellingham
84%
Nuno Mendes
84%
Raphinha
82%
Harry Kane
81%
Jorginho
80%
Lautaro Martínez
80%
N'Golo Kanté
79%
Victor Osimhen
79%
Cole Palmer
73%
Julián Álvarez
65%
Dani Carvajal
63%
Bernardo Silva
62%
Toni Kroos
57%
Aucun quiz correspondant
Distribution des résultats
% des personnes avec chaque résultat
Percentile par nombre de réponses
Votre historique - résultats
Vous n’avez pas pris ce quiz depuis la dernière actualisation